000 00709nam a2200181Ia 4500
008 0000001993 sp ad 0000000000spa00
090 _aPSP00 A71md
245 1 0 _aGómez Marco
_c/ Arco 1993
300 _a1 plegable [4] p.
_c/ 25 cm.
500 _aExposición realizada en Casa de Campo, Madrid, febrero 12 a 17 de 1993 \ Incluye cronología del artista \ Registro auspiciado por la FGAA. Bogotá
600 0 0 _aGOMEZ MARCO, A, 1964/
_xTRABAJOS PICTORICOS
650 1 4 _aARTE CONTEMPORANEO ESPAÑOL
650 1 4 _aARTISTAS PLASTICOS ESPAÑOLES
650 1 4 _xCATALOGOS
650 1 4 _aPINTORES ESPAÑOLES
650 1 4 _aPINTURA ESPAÑOLA
999 _c10836
_d10836
260 _aMadrid : Kreisler Art Gallery
_c1993